| 000 | 00812nam a22002177a 4500 | ||
|---|---|---|---|
| 999 |
_c10314 _d10314 |
||
| 003 | AR-CdUCM | ||
| 008 | 190329b ||||| |||| 00| 0 spa d | ||
| 040 |
_aMUNICIPALIDAD PROVINCIAL DEL CUSCO _cBIBLIOTECA MUNICIPAL DEL CUSCO |
||
| 082 |
_aC / 330 / _bR36 |
||
| 100 |
_aReinaga, César Augusto _91406 |
||
| 245 | _aHumanismo y economía / | ||
| 260 |
_aCusco : _bGarcilaso, _c22.5 cm. |
||
| 300 |
_a155 páginas ; _c22.5 cm. |
||
| 500 | _aPublicación intelectual local. | ||
| 505 | _aContenido: Economía humana -- Una teoría extraordinaria -- Una espada de doble filo -- La economía dominante -- Ante el comercio internacional ... | ||
| 650 |
_aEconomía _9382 |
||
| 650 |
_aHumanismo _92496 |
||
| 650 |
_aPublicaciones locales - Cusco _927110 |
||
| 942 |
_2ddc _cLIBROS |
||
| 945 |
_apjha _d2019-05-14 |
||